| 000 | 00367nam a22001337a 4500 | ||
|---|---|---|---|
| 020 | _a8121906660 | ||
| 082 |
_222 _a621.3 |
||
| 100 | _aIndulkar, C. S. and Thiruvengadam, M. | ||
| 245 | _aAn Introduction to electrical engineering matherials / | ||
| 250 | _aNA | ||
| 260 |
_aNew Delhi, _bS Chand, _cc2010. |
||
| 300 |
_axii,499 p. ; _bill. ; _c24 cm. |
||
| 942 |
_2ddc _cEE _01 |
||
| 999 |
_c3598 _d3598 |
||